| 000 -ლიდერი |
| ფიქსირებული სიგრძის საკონტროლო ველი |
01247nam a22002297a 4500 |
| 003 - საკონტროლო ნომრის იდენტიფიკატორი |
| საკონტროლო ველი |
Ge_BSU |
| 005 - ბოლო ოპერაციის თარიღი და დრო |
| საკონტროლო ველი |
20220701105014.0 |
| 008 - ფიქსირებული სიგრძის მონაცემთა ელემენტები - ზოგადი ინფორმაცია |
| ფიქსირებული სიგრძის საკონტროლო ველი |
220701s2008 ge ||||| |||| 00| 0 geo d |
| 020 ## - წიგნის საერთაშორისო სტანდარტული ნომერი |
| International Standard Book Number |
9789941121517 |
| 041 ## - ენის კოდი |
| Language code of text/sound track or separate title |
geo |
| 080 ## - უნივერსალური ათობითი კლასიფიკაციის ინდექსი |
| Universal Decimal Classification number |
338.48(075.8) ტ-92 |
| 245 ## - ცნობა სათაურის შესახებ |
| Title |
ტურიზმის მენეჯმენტი : |
| Remainder of title |
[სახელმძღვანელო] / |
| Statement of responsibility, etc |
გიორგი შუბლაძე, ლარისა დოლიკაშვილი, გურამ ჯოლია, ნიკო ჩეკურიშვილი; რედაქტორი გიორგი შუბლაძე. |
| 264 ## - წარმოების, გამოცემის, დისტრიბუციის და სხვა ცნობები |
| გამოცემის, წარმოების, დისტრიბუციის... ადგილი |
თბილისი, |
| გამოცემის, წარმოების, დისტრიბუციის... სახელწოდება |
უნივერსალი, |
| გამოცემის, წარმოების, დისტრიბუციის... თარიღი |
2008. |
| 300 ## - ფიზიკური აღწერა |
| Extent |
288 გვ.: |
| Other physical details |
20 სმ. |
| 504 ## - BIBLIOGRAPHY, ETC. NOTE |
| Bibliography, etc |
ბიბლიოგრ.: გვ. 308-311. |
| 653 ## - INDEX TERM--UNCONTROLLED |
| Uncontrolled term |
ტურიზმის მენეჯმენტი |
| 700 ## - ADDED ENTRY--PERSONAL NAME |
| Personal name |
დოლიკაშვილი, ლარისა |
| Relator term |
ავტორი |
| 9 (RLIN) |
5335 |
| 700 ## - ADDED ENTRY--PERSONAL NAME |
| Personal name |
ჯოლია, გურამ |
| Relator term |
ავტორი |
| 9 (RLIN) |
14266 |
| 700 ## - ADDED ENTRY--PERSONAL NAME |
| Personal name |
ჩეკურიშვილი, ნინო |
| Relator term |
ავტორი |
| 9 (RLIN) |
12863 |
| 700 ## - ADDED ENTRY--PERSONAL NAME |
| Personal name |
შუბლაძე, გიორგი |
| Relator term |
რედაქტორი |
| 9 (RLIN) |
572 |
| 942 ## - ADDED ENTRY ELEMENTS (KOHA) |
| Source of classification or shelving scheme |
|
| Koha item type |
წიგნი |